000 00674nam a2200217Ia 4500
003 OSt
005 20220925204358.0
006 a|||||r|||| 00| 0
007 ta
008 220923b |||||||| |||| 00| 0 eng d
037 _cGeneral Book
040 _aRTL
_cRTL
_beng
041 _2eng
_aeng
082 _aV1N45:1(ZT).P02, P2/UN
100 _aSUSILUOTO Taina Ed.
_9268323
245 0 _aTactical nuclear weapons
_b Time for control.
260 _aGeneva
_bUnited Nations Institute for Disarmament Research.
_c2002
300 _axxi; 53p.
_ccm.
942 _hV1N45:1(ZT).P02, P2/UN
_cGB
_2CC
999 _c549274
_d549274